Guess the countries by the inverted flag - Statistics

General Stats
  • This quiz has been taken 20 times
  • The average score is 7 of 8
Answer Stats
Picture Answer % Correct
usa
100%
canada
94%
japan
94%
uk
94%
chile
83%
Saudi arabia
83%
sri lanka
72%
ethiopia
56%
No matching quizzes found
Score Distribution
Percent of People with Each Score
Percentile by Number Answered
Your Score History
You have not taken this quiz